| 000 | 02633nam a2200253 4500 | ||
|---|---|---|---|
| 003 | vecauma | ||
| 005 | 20260415192704.0 | ||
| 007 | ta | ||
| 008 | 260415b ve ||||| |||| 00| 0 spa d | ||
| 020 | _a8432123838 | ||
| 040 |
_avecauma _bspa _cvecauma _dvecauma _erda |
||
| 041 | _aspa | ||
| 100 | 1 | _eautor | |
| 245 | 1 |
_aOPUS DEI _bVida y obra del fundador Josemaría Escrivá de Balaguer _c/ Peter Berglar |
|
| 264 |
_aMadrid: _bEdiciones Rialp, S.A.; _c1989. |
||
| 300 | _a434 páginas. | ||
| 336 |
_atexto _btxt _2rdacontenido |
||
| 337 |
_ano mediado _bn _2rdamedio |
||
| 338 |
_avolumen _bnc _2rdasoporte |
||
| 505 | 0 | _aTradición y progreso en la vida de la iglesia un ejemplo: El OPUS DEI / Huellas en la nieve / La oración en la noche / Las campanas / Conquistadores y granos de trigo / Guerra en España / La pesca milagrosa / Romano, Mariano / La vida cotidiana / Retrato / | |
| 520 | 3 | _aEl Opus Dei existe desde 1928, y está presente entre personas de 87 países. Cuenta en la actualidad con más de 73.000 miembros. Mons. Josemaría Escrivá de Balaguer, su Fundador, es una de las personalidades más decisivas de la historia de la Iglesia contemporánea. Este estudio monográfico de Peter Berglar que ahora se ofrece al lector hispano, constituye un extenso y profundo análisis, rigurosamente documentado, sobre el Opus Dei y su Fundador. Su autor ha consultado durante varios años los archivos y los escritos -algunos inéditos de Mons. Escrivá de Balaguer, y ha mantenido numerosas conversaciones y una amplia correspondencia con sus más estrechos colaboradores (especialmente con su sucesor, el actual Prelado del Opus Dei, Mons. Álvaro del Portillo). Peter Berglar analiza en este libro los diversos aspectos históricos, biográficos y espirituales del Opus Dei, que constituyen una clave fundamental para la comprensión de la historia reciente de la Iglesia Católica. Peter Berglar nació en 1919 en Kassel, en la actual República Federal Alemana. Hijo de un periodista, estudió Medicina, profesión que ejerció entre 1943 y 1966; en los últimos años, se especializó en Medicina Interna en Colonia. Tras estudiar Historia y hacer el doctorado, es, desde 1970, profesor en la Universidad de Colonia. Como periodista y escritor ha adquirido renombre internacional. Además de numerosos ensayos y artículos, ha publicado más de veinte libros, entre los que destacan varias biografías. Por su biografía sobre Sto. Tomás Moro, el Papa Juan Pablo II le nombró, en 1980, Caballero de la Orden de San Gregorio. | |
| 942 | 1 |
_2lcc _n0 _cBK |
|
| 999 |
_c13383 _d13383 |
||